MARC details
| 000 -LEADER |
| fixed length control field |
01092 a2200325 4500 |
| 003 - CONTROL NUMBER IDENTIFIER |
| control field |
TR-AnTOB |
| 005 - DATE AND TIME OF LATEST TRANSACTION |
| control field |
20210714164840.0 |
| 007 - PHYSICAL DESCRIPTION FIXED FIELD--GENERAL INFORMATION |
| fixed length control field |
ta |
| 008 - FIXED-LENGTH DATA ELEMENTS--GENERAL INFORMATION |
| fixed length control field |
140908s2010 maua b 001 0 |
| 020 ## - INTERNATIONAL STANDARD BOOK NUMBER |
| International Standard Book Number |
0321509684 |
|
| International Standard Book Number |
9780321509680 |
| 040 ## - CATALOGING SOURCE |
| Original cataloging agency |
DLC |
| Transcribing agency |
DLC |
| Modifying agency |
BAKER |
| -- |
BTCTA |
| -- |
C |
| -- |
YDXCP |
| Language of cataloging |
eng |
| 041 0# - LANGUAGE CODE |
| Language code of text/sound track or separate title |
İngilizce |
| 050 #0 - LIBRARY OF CONGRESS CALL NUMBER |
| Classification number |
QA76.7 |
| 090 ## - LOCALLY ASSIGNED LC-TYPE CALL NUMBER (OCLC); LOCAL CALL NUMBER (RLIN) |
| Classification number (OCLC) (R) ; Classification number, CALL (RLIN) (NR) |
QA76.7 |
| Local cutter number (OCLC) ; Book number/undivided call number, CALL (RLIN) |
.S43 2010 |
| 100 ## - MAIN ENTRY--PERSONAL NAME |
| Personal name |
Sebesta, Robert W. |
| 9 (RLIN) |
1710 |
| 245 #0 - TITLE STATEMENT |
| Title |
Concepts of Programming Languages / |
| Statement of responsibility, etc. |
Robert W. Sebesta. |
| 250 ## - EDITION STATEMENT |
| Edition statement |
9th ed. |
| 264 #1 - PRODUCTION, PUBLICATION, DISTRIBUTION, MANUFACTURE, AND COPYRIGHT NOTICE |
| Place of production, publication, distribution, manufacture |
Boston : |
| Name of producer, publisher, distributor, manufacturer |
Pearson Addison Wesley, |
| Date of production, publication, distribution, manufacture, or copyright notice |
c2010. |
| 300 ## - PHYSICAL DESCRIPTION |
| Extent |
xvii, 745 pages : |
| Other physical details |
illustrations ; |
| Dimensions |
25 cm |
| 336 ## - CONTENT TYPE |
| Source |
rdacontent |
| Content type term |
text |
| Content type code |
txt |
| 337 ## - MEDIA TYPE |
| Source |
rdamedia |
| Media type term |
unmediated |
| Media type code |
n |
| 338 ## - CARRIER TYPE |
| Source |
rdacarrier |
| Carrier type term |
volume |
| Carrier type code |
nc |
| 504 ## - BIBLIOGRAPHY, ETC. NOTE |
| Bibliography, etc. note |
|
| 650 #0 - SUBJECT ADDED ENTRY--TOPICAL TERM |
| Topical term or geographic name entry element |
Programming languages (Electronic computers) |
| 9 (RLIN) |
1711 |
|
| Topical term or geographic name entry element |
Programlama dilleri (Elektronik bilgisayarlar) |
| Source of heading or term |
etuturkob |
| 9 (RLIN) |
13562 |
| 856 ## - ELECTRONIC LOCATION AND ACCESS |
| Uniform Resource Identifier |
<a href="http://www.loc.gov/catdir/toc/ecip0711/2007006846.html">http://www.loc.gov/catdir/toc/ecip0711/2007006846.html</a> |
| Materials specified |
Table of contents only |
| 942 ## - ADDED ENTRY ELEMENTS (KOHA) |
| Koha item type |
Book |
| Source of classification or shelving scheme |
Library of Congress Classification |